• 首页
  • 本馆介绍
  • 公告通知
  • 最新文献
  • 馆藏检索
  • 电子资源
  • 读者导购
  • 参考咨询
  • 我的图书馆
  • 登录
  • 详细信息显示
  • 放入我的书架
  • 预约/预借图书
  • 作者相关作品
  • 分类相关作品
  • 丛书相关作品
  • 出版社相关作品

书目信息

  • 表格格式
  • 工作单格式
  • 卡片格式
题名:
新基建
    
 
作者: 袁国宝 著
分册:  
出版信息: 北京   中国经济出版社  2020
页数: 192页
开本: 24cm
丛书名:
单 册:
中图分类: F492.3
科图分类:
主题词: 信息经济--经济发展--研究--中国
电子资源:
ISBN: 978-7-5136-6088-4
000 00969nam0 2200229 450
001 247640701
005 20240911112644.81
010    @a978-7-5136-6088-4@dCNY59.80
100    @a20200702d2020 em y0chiy0120 ea
101 0  @achi
102    @aCN@b110000
105    @aa z 000yy
200 1  @a新基建@9xin ji jian@b专著@e数字经济重构经济增长新格局@f袁国宝著
210    @a北京@c中国经济出版社@d2020
215    @a192页@c图@d24cm
330    @a本书聚焦中国新一轮科技革命和产业变革趋势,解读5G基建、特高压、城际高速铁路和城际轨道交通、新能源汽车充电桩、大数据中心、人工智能、工业互联网等七大新基建领域,剖析中国新一轮经济增长的内在逻辑与实现路径,并提出政策红利下资本、企业与个人所面临的巨大机遇。
517 1  @a数字经济重构经济增长新格局@9shu zi jing ji chong gou jing ji zeng zhang xin ge ju
606 0  @a信息经济@x经济发展@x研究@y中国
690    @aF492.3@v5
701  0 @a袁国宝@9yuan guo bao@c(媒体)@4著
801  2 @aCN@b58marc.cn@c20200704
905    @aZUCC@dF492.3@e12
    
    新基建:数字经济重构经济增长新格局/袁国宝著.-北京:中国经济出版社,2020
    192页:图;24cm
    
    
    ISBN 978-7-5136-6088-4:CNY59.80
    本书聚焦中国新一轮科技革命和产业变革趋势,解读5G基建、特高压、城际高速铁路和城际轨道交通、新能源汽车充电桩、大数据中心、人工智能、工业互联网等七大新基建领域,剖析中国新一轮经济增长的内在逻辑与实现路径,并提出政策红利下资本、企业与个人所面临的巨大机遇。
●
相关链接 在五车中查询图书 在当当中查询图书 在豆瓣中查询图书


正题名:新基建     索取号:F492.3/12         预约/预借

序号 登录号 条形码 馆藏地/架位号 状态 备注
1 2001765061   2001765061   第四书库/ [索取号:F492.3/12] 在馆    
2 2001765062   2001765062   第四书库/ [索取号:F492.3/12] 在馆    
3 2001765063   2001765063   第四书库/四26架B面4层6列/ [索取号:F492.3/12] 在馆    
4 2001765064   2001765064   第四书库/四26架B面4层6列/ [索取号:F492.3/12] 在馆    
5 2001765065   2001765065   第四书库/四26架B面4层6列/ [索取号:F492.3/12] 在馆    
6 2001765066   2001765066   第四书库/四26架B面4层6列/ [索取号:F492.3/12] 在馆    
山东省滨州职业学院图书馆 欢迎您!
大连网信软件有限公司© 版权所有